| 000 | 00416nam a2200157 a 4500 | ||
|---|---|---|---|
| 005 | 20140412111326.0 | ||
| 008 | 110120s19uu xx 00 eng d | ||
| 020 | _a1-58634-057-3 | ||
| 050 |
_aTR(PS E _bB35 1999 |
||
| 100 | _aBerry, Joy | ||
| 245 |
_aLet's talk about being good / _cJoy berry. |
||
| 260 |
_aArizona : _bGold star, _c1999. |
||
| 300 | _a32p. | ||
| 440 | _aSuperstar kids club too | ||
| 999 |
_c104672 _d104672 |
||